Statistics for Jo Malone Fragrances

Click here to take the quiz!

General Stats

  • This quiz has been taken 18 times
  • The average score is 4 of 15

Answer Stats

HintAnswer% Correct
English Pear &Freesia
62%
Wood Sage &Sea Salt
62%
WildBluebell
46%
Blackberry &Bay
38%
Lime Basil &Mandarin
38%
PomegranateNoir
38%
Peony &Blush Suede
31%
Myrrh &Tonka
31%
OrangeBlossom
23%
Velvet Rose &Oud
23%
Mimosa &Cardamom
15%
Nectarine Blossom &Honey
15%
Oud &Bergamot
8%
RedRoses
8%
Dark Amber &Ginger Lily
0%

Score Distribution

Percentile by Number Answered

Percent of People with Each Score

Your Score History

You have not taken this quiz